| 000 | 00945nam a2200229 i 4500 | ||
|---|---|---|---|
| 001 | bg | ||
| 245 | 0 | 0 |
_aProgram państwowego monitoringu ochrony środowiska / _cPaństwowa Inspekcja Ochrony Środowiska. Główny Inspektorat Ochrony Środowiska ; [oprac. pod kier. Romana Jaworskiego przez zespół: Barbara Kuroczko et al.]. |
| 260 |
_aWarszawa : _bPIOŚ, _c1998. |
||
| 300 |
_a48 s. : _bmapy, wykr. ; _c25 cm. |
||
| 490 | 1 | _aBiblioteka Monitoringu Środowiska | |
| 650 | 9 |
_aŚrodowisko człowieka _xhigiena _xbadanie _xorganizacja _zPolska |
|
| 650 | 9 |
_aŚrodowisko człowieka _xochrona _zPolska |
|
| 700 | 1 |
_aJAWORSKI, Roman. _eOprac. |
|
| 700 | 1 | _aKUROCZKO, Barbara. | |
| 710 | 0 |
_aPaństwowa Inspekcja Ochrony Środowiska _bGłówny Inspektorat Ochrony Środowiska |
|
| 830 | _aBiblioteka Monitoringu Środowiska | ||
| 040 | _cBPK | ||
| 041 | 0 | _apl | |
| 080 | _a504.06(438) | ||
| 942 | _cKS | ||
| 008 | s pl f |000 0 pol | ||
| 999 |
_c34746 _d34746 |
||
| 856 |
_uhttp://koha.tu.koszalin.pl/cgi-bin/koha/opac-detail.pl?biblionumber=34746 _yKatalog online BPK |
||